000 00475ntaaa2200193 4500
003 01
005 20251027201642.0
008 0714s1973 ag 01
040 _aAR-BaBN
_bspa
_cAR-BaBN
_eaacr
_dRIC
082 _a232.3000 D58
100 _aDillistone, F.W.
_99354
245 _aThe significance of the cross
250 _a1 ed.
260 _aLondon :
_bLutterworth Press,
_c1946
300 _aix, 204 p
650 _ateología
650 _aexpiación
_96280
942 _cBK
999 _c11241
_d11241